| 000 | 00539nam a2200169Ia 4500 | ||
|---|---|---|---|
| 008 | 220216s9999 xx 000 0 und d | ||
| 100 | _aBlume A | ||
| 245 | 0 | _aInvestigation to the formation of nitrosamines during production and storage of elastomers. Part 3 : Kinetic aspects of nitrosamine formation in the gas phase | |
| 260 |
_bKautschuk Gummi Kunststoffe _c1996 |
||
| 300 | _a683-691 | ||
| 650 | _aCyclic amines | ||
| 650 | _aElastomers | ||
| 650 | _aNitrosamine | ||
| 700 | _aSchuster R H | ||
| 700 | _aWunsch G | ||
| 942 | _cJS | ||
| 999 |
_c61641 _d61641 |
||